[Event "Riga Tech Open A 2016"]
[Site "Riga LAT"]
[Date "2016.08.11"]
[Round "6.14"]
[White "Stocek, Jiri"]
[Black "Sarana, Alexey"]
[Result "1/2-1/2"]
[WhiteTitle "GM"]
[BlackTitle "IM"]
[WhiteElo "2550"]
[BlackElo "2433"]
[WhiteFideId "304760"]
[BlackFideId "24133795"]
[EventDate "2016.08.08"]

1. d4 Nf6 2. c4 e6 3. Nc3 Bb4 4. e3 O-O 5. Bd3 d5 6. Ne2 c5 7. cxd5 cxd4 8. exd4
Nxd5 9. O-O Nc6 10. a3 Ba5 11. Bc2 Nce7 12. Qd3 Ng6 13. Ne4 Bd7 14. Bg5 Qe8 15.
Rac1 Bb5 16. Qd1 h6 17. Bd2 Bxd2 18. Qxd2 Bxe2 19. Qxe2 Ngf4 20. Qd2 Qb5 21. Bd1
Rfd8 22. g3 Ng6 23. Bf3 Nge7 24. Rfd1 Nf5 1/2-1/2

[Event "Riga Tech Open A 2016"]
[Site "Riga LAT"]
[Date "2016.08.11"]
[Round "6.15"]
[White "Bernadskiy, Vitaliy"]
[Black "Martynov, Pavel2"]
[Result "1-0"]
[WhiteTitle "GM"]
[BlackTitle "FM"]
[WhiteElo "2549"]
[BlackElo "2389"]
[WhiteFideId "14100371"]
[BlackFideId "4122186"]
[EventDate "2016.08.08"]

1. d4 Nf6 2. c4 g6 3. Nc3 Bg7 4. e4 d6 5. Nge2 O-O 6. Ng3 c5 7. d5 e6 8. Be2
exd5 9. exd5 Nbd7 10. O-O a6 11. a4 h5 12. Bg5 Qb6 13. Qd2 Nh7 14. a5 Qc7 15.
Bh6 h4 16. Nge4 h3 17. g3 Ne5 18. Bxg7 Kxg7 19. f4 Ng4 20. Na4 Bf5 21. Qc3+ Kg8
22. Bxg4 Bxg4 23. Nf2 Bd7 24. Nb6 Rae8 25. Rfe1 Qd8 26. g4 Rxe1+ 27. Rxe1 Re8
28. Rxe8+ Qxe8 29. Nxd7 Qxd7 30. Qxh3 Qa4 31. Qc3 Qa1+ 32. Kg2 Qb1 33. b3 f5 34.
h3 Kf7 35. Qd3 Qxd3 36. Nxd3 Nf6 37. Nf2 Ke7 38. Kg3 Kf7 39. Kh4 Kg7 40. gxf5
gxf5 41. Kg5 Ne4+ 42. Nxe4 fxe4 43. Kg4 1-0

[Event "Riga Tech Open A 2016"]
[Site "Riga LAT"]
[Date "2016.08.11"]
[Round "6.16"]
[White "Kulon, Klaudia"]
[Black "Moiseenko, Vadim"]
[Result "0-1"]
[WhiteTitle "WGM"]
[BlackTitle "IM"]
[WhiteElo "2334"]
[BlackElo "2533"]
[WhiteFideId "1131044"]
[BlackFideId "4123700"]
[EventDate "2016.08.08"]

1. e4 e5 2. Nf3 Nc6 3. Bb5 Nf6 4. d3 d6 5. O-O Bd7 6. c3 g6 7. h3 Bg7 8. Be3 O-O
9. Qd2 Nh5 10. Na3 f5 11. Bg5 Qe8 12. exf5 gxf5 13. Rae1 Ne7 14. Bc4+ Kh8 15.
Nd4 Ng6 16. Ndb5 Qc8 17. Qd1 Nhf4 18. Bxf4 Nxf4 19. g3 Nxh3+ 20. Kh2 f4 21. Qh5
Rf6 22. d4 Rh6 23. Qxh6 Bxh6 24. dxe5 dxe5 25. Rxe5 Ng5 26. f3 Bxb5 0-1

[Event "Riga Tech Open A 2016"]
[Site "Riga LAT"]
[Date "2016.08.12"]
[Round "7.1"]
[White "Melkumyan, Hrant"]
[Black "Baghdasaryan, Vahe"]
[Result "1-0"]
[WhiteTitle "GM"]
[BlackTitle "IM"]
[WhiteElo "2650"]
[BlackElo "2488"]
[WhiteFideId "13302485"]
[BlackFideId "13303139"]
[EventDate "2016.08.08"]

1. d4 d6 2. Nf3 g6 3. c4 Bg7 4. Nc3 Nd7 5. g3 Ngf6 6. Bg2 O-O 7. O-O Re8 8. e4
e5 9. h3 exd4 10. Nxd4 Ne5 11. b3 Nc6 12. Be3 Bd7 13. Nxc6 Bxc6 14. Qc2 Nd7 15.
Bd2 a6 16. a4 Nc5 17. Rae1 Ne6 18. Nd5 Nd4 19. Qd3 Bd7 20. a5 c6 21. Nb6 Rb8 22.
b4 f5 23. Bc3 fxe4 24. Bxe4 c5 25. Nxd7 Qxd7 26. Kg2 b6 27. Bd5+ Kh8 28. Rxe8+
Qxe8 29. Re1 Qd7 30. axb6 Rxb6 31. Bd2 Rb8 32. bxc5 dxc5 33. Rb1 Rxb1 34. Qxb1
Qf5 35. Qb6 Ne2 36. Be3 Nc3 37. Qxc5 Nxd5 38. cxd5 Bf8 39. Qc6 Qe4+ 40. Kh2 Kg8
41. h4 a5 42. Qa8 a4 43. Bc5 Qf3 44. Bd4 a3 45. Qc6 a2 46. Qa8 Qa3 47. Qc8 Qf3
48. Qc6 Ba3 49. Qe6+ Qf7 50. Qe5 Kf8 51. Qb8+ Qe8 52. Qb3 Bd6 53. Qxa2 Qe4 54.
Qa8+ Kf7 55. Qb7+ Ke8 56. Qc6+ Ke7 57. Bf6+ Kxf6 58. Qxd6+ Kg7 59. Qc7+ Kg8 60.
Qb8+ Kf7 61. Qf4+ Qxf4 62. gxf4 Ke7 63. Kg3 Kd6 64. Kg4 Kxd5 65. f5 1-0

[Event "Riga Tech Open A 2016"]
[Site "Riga LAT"]
[Date "2016.08.12"]
[Round "7.2"]
[White "Naroditsky, Daniel"]
[Black "Chigaev, Maksim"]
[Result "1/2-1/2"]
[WhiteTitle "GM"]
[BlackTitle "IM"]
[WhiteElo "2646"]
[BlackElo "2550"]
[WhiteFideId "2026961"]
[BlackFideId "4108116"]
[EventDate "2016.08.08"]

1. d4 Nf6 2. c4 e6 3. Nc3 Bb4 4. f3 d5 5. a3 Be7 6. e4 dxe4 7. fxe4 e5 8. d5 Bc5
9. Nf3 Bg4 10. Bg5 Nbd7 11. h3 Bxf3 12. Qxf3 h6 13. Bh4 Bd4 14. Bd3 c6 15. Bf2
O-O 16. O-O Ne8 17. Ne2 Bxf2+ 18. Qxf2 c5 19. Nc3 Nd6 20. Qe2 1/2-1/2

[Event "Riga Tech Open A 2016"]
[Site "Riga LAT"]
[Date "2016.08.12"]
[Round "7.3"]
[White "Goganov, Aleksey"]
[Black "Kravtsiv, Martyn"]
[Result "1/2-1/2"]
[WhiteTitle "GM"]
[BlackTitle "GM"]
[WhiteElo "2627"]
[BlackElo "2631"]
[WhiteFideId "24109959"]
[BlackFideId "14113147"]
[EventDate "2016.08.08"]

1. d4 Nf6 2. c4 e6 3. Nc3 Bb4 4. Nf3 d5 5. Bg5 Nbd7 6. e3 O-O 7. Rc1 c6 8. a3
Be7 9. h3 h6 10. Bf4 dxc4 11. Bxc4 b5 12. Bd3 Bb7 13. O-O Qb6 14. Qe2 a6 15. b4
a5 16. Rb1 axb4 17. axb4 Nd5 18. Nxd5 exd5 19. e4 Rfe8 20. e5 Nf8 21. Be3 Bc8
22. Ne1 Qd8 23. f4 f5 24. g4 fxg4 25. hxg4 Ra3 26. f5 Bg5 27. Nf3 Bxe3+ 28. Qxe3
h5 29. Rbd1 Nh7 30. Qf4 Rf8 31. Bb1 Rb3 32. Bc2 Rb2 33. Qc1 hxg4 34. Ne1 Rxb4
35. f6 gxf6 36. Bxh7+ Kxh7 37. Kg2 Qe7 38. Nd3 Rxd4 39. Rf2 Rc4 40. Rh1+ Kg8 41.
Qh6 Qg7 42. exf6 Qxh6 43. Rxh6 Re4 44. Nf4 Bf5 45. Nxd5 cxd5 46. Rxf5 Kf7 47.
Rxd5 Rf4 48. Rxb5 Rxf6 49. Rxf6+ Kxf6 50. Kg3 Re8 51. Kxg4 1/2-1/2

[Event "Riga Tech Open A 2016"]
[Site "Riga LAT"]
[Date "2016.08.12"]
[Round "7.4"]
[White "Kantans, Toms"]
[Black "Fridman, Daniel"]
[Result "1/2-1/2"]
[WhiteTitle "IM"]
[BlackTitle "GM"]
[WhiteElo "2482"]
[BlackElo "2620"]
[WhiteFideId "11602945"]
[BlackFideId "11600454"]
[EventDate "2016.08.08"]

1. e4 c6 2. d4 d5 3. exd5 cxd5 4. c4 Nf6 5. Nc3 Nc6 6. Nf3 Be6 7. Qb3 dxc4 8.
Qxb7 Na5 9. Qb5+ Bd7 10. Qe5 Bc6 11. Be2 e6 12. Qg3 Be7 13. O-O O-O 14. Bh6 Ne8
15. Rad1 Rc8 16. Bc1 Nf6 17. Ne5 Bb7 18. h4 Kh8 19. h5 h6 20. f4 Nc6 21. Bf3 Qc7
22. f5 Nxe5 23. dxe5 Nh7 24. Kh1 Bxf3 25. Rxf3 Rcd8 26. Rdf1 exf5 27. Rxf5 Bg5
28. Ne4 Bxc1 29. Rxc1 f6 30. exf6 Qxg3 31. Nxg3 Nxf6 32. Rxc4 Rd3 33. Rf3 Rxf3
34. gxf3 Nd5 35. Rd4 Rxf3 36. Rxd5 Rxg3 37. Ra5 Re3 38. b4 Re7 39. Kg2 Kg8 40.
Kf3 Kf7 41. Ra6 Ke8 42. Kf4 Rf7+ 43. Ke5 Kd8 44. b5 Kc8 45. a4 Kb7 46. Rg6 Kc7
47. a5 Kb8 48. Re6 Kc7 49. Rc6+ Kb8 50. Re6 Kc7 51. a6 Rf1 52. b6+ axb6 53. Re7+
Kb8 54. Rxg7 Rh1 55. Kd6 Rxh5 56. Kc6 Rc5+ 57. Kxb6 Rc8 1/2-1/2

[Event "Riga Tech Open A 2016"]
[Site "Riga LAT"]
[Date "2016.08.12"]
[Round "7.5"]
[White "Neiksans, Arturs"]
[Black "Krupenski, Juri"]
[Result "1-0"]
[WhiteTitle "GM"]
[BlackTitle "FM"]
[WhiteElo "2620"]
[BlackElo "2409"]
[WhiteFideId "11601388"]
[BlackFideId "4501101"]
[EventDate "2016.08.08"]

1. Nf3 Nf6 2. c4 e6 3. g3 a6 4. Bg2 b5 5. b3 c5 6. Nc3 Qb6 7. O-O Bb7 8. e3 Be7
9. Qe2 Bc6 10. d4 O-O 11. Rd1 d6 12. Bb2 Nbd7 13. d5 exd5 14. cxd5 Bb7 15. Nd2
Rfe8 16. a4 b4 17. Ncb1 Qc7 18. Nc4 a5 19. Qc2 Nb6 20. Nxb6 Qxb6 21. Nd2 Ba6 22.
Rac1 Qc7 23. Ba1 Nd7 24. Ne4 f5 25. Qb2 Bf6 26. Nxf6+ Nxf6 27. Qc2 Ne4 28. g4
Qe7 29. gxf5 Qh4 30. f3 Nc3 31. Bxc3 bxc3 32. Qxc3 Rab8 33. e4 Rb4 34. Qe3 Qh5
35. Re1 Qh4 36. Bf1 Bc8 37. Qc3 Qf4 38. Bc4 Re5 39. Kh1 Bd7 40. Rg1 g6 41. Rg4
Qh6 42. Rcg1 Qh3 43. R4g3 Qh4 44. fxg6 h6 45. Qc2 Kg7 46. Qc3 Qf4 47. Qc1 Qh4
48. Qe3 Bf5 49. R3g2 Bh3 50. Rf2 Bf5 51. Rg3 Kg8 52. g7 Re7 53. Rfg2 Bh3 54. Rg1
Bf5 55. Qf2 Bd7 56. Qc2 Qf4 57. Qc3 Re5 58. Qc1 Qf6 59. R1g2 Be8 60. Qe3 Re7 61.
Rg4 Rf7 62. Rg6 1-0

[Event "Riga Tech Open A 2016"]
[Site "Riga LAT"]
[Date "2016.08.12"]
[Round "7.6"]
[White "Ly, Moulthun"]
[Black "Hovhannisyan, Robert"]
[Result "1/2-1/2"]
[WhiteTitle "IM"]
[BlackTitle "GM"]
[WhiteElo "2501"]
[BlackElo "2634"]
[WhiteFideId "3204405"]
[BlackFideId "13302507"]
[EventDate "2016.08.08"]

1. e4 e5 2. Nf3 Nc6 3. Bb5 Nf6 4. O-O Nxe4 5. Re1 Nd6 6. Nxe5 Be7 7. Bf1 Nxe5 8.
Rxe5 O-O 9. d4 Bf6 10. Re1 Nf5 11. c3 d5 12. Bf4 c6 13. Nd2 Nh4 14. Bd3 Bf5 15.
Bxf5 Nxf5 16. Nf3 Qd7 17. Qd2 Rae8 18. Rxe8 Rxe8 19. Re1 h6 20. Rxe8+ Qxe8 21.
Qe1 Qd7 22. Ne5 Bxe5 23. Qxe5 Kh7 24. f3 f6 25. Qe2 h5 26. Qd3 Kg8 27. Kf2 a6
28. Qc2 Kf7 29. Qd3 g6 30. Qc2 Kg7 31. Qd3 g5 32. Bc1 Nd6 33. b3 Nf7 34. Ba3 Nh8
35. Qc2 Ng6 36. Bc1 Qc7 37. g3 Qd7 38. Qd3 Qe6 39. Bd2 Qh3 40. Kg1 Qd7 41. Kf2
Nh8 42. Bc1 Nf7 43. Kg2 Qe6 44. Kf2 Qh3 45. Kg1 Qd7 46. Kg2 Qe7 47. Qe3 Qc7 48.
Kf2 Qc8 49. Qd3 Qe6 50. Ba3 g4 51. Bc1 gxf3 52. Qxf3 Qh3 53. Kg1 Kg6 54. Bf4 Qf5
55. Qe2 Kg7 56. Kf2 h4 57. Kg2 Kf8 58. Kg1 h3 59. Qf1 Ke7 60. Qe2+ Kd7 61. Qf1
Qe6 62. Kf2 Ng5 63. Bxg5 fxg5 64. Qd3 g4 65. Qh7+ Kd6 66. Qd3 Kc7 67. Qe3 Qg6
68. Qe7+ Kc8 69. Ke3 Qh6+ 70. Ke2 Kb8 71. a4 Ka7 72. a5 Qc1 73. Qc5+ Ka8 74.
Qf8+ Ka7 75. Qc5+ Ka8 1/2-1/2

[Event "Riga Tech Open A 2016"]
[Site "Riga LAT"]
[Date "2016.08.12"]
[Round "7.7"]
[White "Dastan, Muhammed Batuhan"]
[Black "Kovalev, Vladislav"]
[Result "1/2-1/2"]
[WhiteTitle "IM"]
[BlackTitle "GM"]
[WhiteElo "2490"]
[BlackElo "2608"]
[WhiteFideId "6300014"]
[BlackFideId "13504398"]
[EventDate "2016.08.08"]

1. e4 e5 2. Nf3 Nc6 3. Bc4 Bc5 4. O-O Nf6 5. d3 d6 6. c3 a6 7. Bb3 h6 8. Re1 O-O
9. h3 Ba7 10. Nbd2 Re8 11. Nf1 Be6 12. Ng3 d5 13. exd5 Nxd5 14. Nh2 Qf6 15. Qf3
Qxf3 16. Nxf3 Nf6 1/2-1/2

[Event "Riga Tech Open A 2016"]
[Site "Riga LAT"]
[Date "2016.08.12"]
[Round "7.8"]
[White "Petrov, Nikita"]
[Black "Bernadskiy, Vitaliy"]
[Result "1/2-1/2"]
[WhiteTitle "IM"]
[BlackTitle "GM"]
[WhiteElo "2490"]
[BlackElo "2549"]
[WhiteFideId "4101286"]
[BlackFideId "14100371"]
[EventDate "2016.08.08"]

1. e4 c5 2. Nf3 Nc6 3. d4 cxd4 4. c3 d3 5. Bxd3 d6 6. O-O Nf6 7. h3 g6 8. Qe2
Bg7 9. Rd1 Nd7 10. Be3 O-O 11. Nbd2 b6 12. Nd4 Nce5 13. Ba6 Nc5 14. Bxc8 Qxc8
15. N4f3 Nxf3+ 16. Qxf3 b5 17. Bd4 a5 18. Bxg7 Kxg7 19. Nb3 Nd7 20. Rd5 Qa6 21.
a4 bxa4 22. Rxa4 Qb7 23. c4 Nb6 24. Rb5 Qc7 25. Raxa5 Nxc4 26. Rxa8 Rxa8 27. e5
Rc8 28. exd6 Qxd6 29. Qc3+ Qf6 30. Qxf6+ Kxf6 31. Nd4 Nd6 32. Rb6 Rc1+ 33. Kh2
Ke5 34. Nf3+ Kd5 35. Rb3 Ne4 36. Rd3+ Ke6 37. Re3 1/2-1/2

[Event "Riga Tech Open A 2016"]
[Site "Riga LAT"]
[Date "2016.08.12"]
[Round "7.9"]
[White "Moiseenko, Vadim"]
[Black "Ladva, Ottomar"]
[Result "0-1"]
[WhiteTitle "IM"]
[BlackTitle "IM"]
[WhiteElo "2533"]
[BlackElo "2453"]
[WhiteFideId "4123700"]
[BlackFideId "4500024"]
[EventDate "2016.08.08"]

1. f4 d5 2. d3 g6 3. Nf3 Bg7 4. g3 c6 5. Bg2 Qb6 6. c3 Nf6 7. e3 Bg4 8. h3 Bxf3
9. Qxf3 Nbd7 10. g4 e5 11. g5 Nh5 12. d4 exf4 13. exf4 O-O 14. O-O c5 15. f5
cxd4 16. f6 dxc3+ 17. Qf2 Qxf2+ 18. Rxf2 Rfe8 19. fxg7 Re1+ 20. Rf1 Rxc1 21.
Nxc3 Rxa1 22. Rxa1 d4 23. Nd5 Nxg7 24. Nc7 Rc8 25. Nb5 Ne6 26. Rd1 Ndf8 27. Rd2
Nxg5 28. Rxd4 Rc1+ 29. Kh2 Rc2 30. Rb4 a5 31. Rb3 Nfe6 32. Na3 Re2 33. Kg1 a4
34. Rb5 f5 35. h4 Nf4 36. Bxb7 Ngh3+ 37. Kf1 Rf2+ 38. Ke1 Nd3+ 39. Kd1 Nxb2+ 40.
Kc1 Nd3+ 41. Kb1 Nhf4 42. Ba6 Kg7 43. Nc4 Kh6 44. Nd6 Kh5 45. Rb7 h6 46. Rh7
Rf1+ 47. Kc2 Nb4+ 48. Kd2 Nxa6 49. Nf7 Kxh4 50. Rxh6+ Kg3 51. Ne5 Rf2+ 52. Kc3
Nc5 53. Nxg6 0-1

[Event "Riga Tech Open A 2016"]
[Site "Riga LAT"]
[Date "2016.08.12"]
[Round "7.10"]
[White "Yuffa, Daniil"]
[Black "Shevchenko, Kirill"]
[Result "1/2-1/2"]
[WhiteTitle "IM"]
[BlackTitle "FM"]
[WhiteElo "2507"]
[BlackElo "2443"]
[WhiteFideId "24131423"]
[BlackFideId "14129574"]
[EventDate "2016.08.08"]

1. Nf3 Nf6 2. g3 b6 3. Bg2 Bb7 4. O-O e6 5. c4 Be7 6. d4 O-O 7. Re1 Ne4 8. Nfd2
d5 9. cxd5 exd5 10. Nxe4 dxe4 11. Nc3 f5 12. Bf4 Bd6 13. Qb3+ Kh8 14. Bxd6 Qxd6
15. Rac1 a6 16. Qa3 Qxa3 17. bxa3 Nc6 18. e3 Rf7 19. Rc2 Rd8 20. Rec1 Rdd7 21.
Bf1 Na5 22. Na4 g6 23. Nb2 1/2-1/2

[Event "Riga Tech Open A 2016"]
[Site "Riga LAT"]
[Date "2016.08.12"]
[Round "7.11"]
[White "Stupak, Kirill"]
[Black "Akesson, Ralf"]
[Result "1/2-1/2"]
[WhiteTitle "GM"]
[BlackTitle "GM"]
[WhiteElo "2575"]
[BlackElo "2434"]
[WhiteFideId "13503758"]
[BlackFideId "1700120"]
[EventDate "2016.08.08"]

1. d4 Nf6 2. c4 e6 3. g3 d5 4. Bg2 Bb4+ 5. Nc3 O-O 6. Nf3 c5 7. O-O cxd4 8. Nxd4
dxc4 9. Nc2 Be7 10. Qxd8 Rxd8 11. Ne3 Nc6 12. Nxc4 Bd7 13. Rd1 Rac8 14. Bf4 Be8
15. Nd6 Bxd6 16. Bxd6 Na5 17. Be7 Rxd1+ 18. Rxd1 Bc6 19. Bxc6 Nxc6 20. Bxf6 gxf6
21. Rd7 b6 22. f4 f5 23. Rb7 Na5 24. Rxa7 Nc4 25. Rb7 Nxb2 26. Rxb6 Nd3 27. Nb1
Rc1+ 28. Kg2 Rc2 29. Kf3 Ne1+ 30. Ke3 Rxa2 31. Nc3 Rc2 32. Rb3 h5 33. h4 Kg7 34.
Nd1 Rc4 35. Nc3 Rb4 36. Rxb4 Nc2+ 37. Kd3 Nxb4+ 38. Kc4 Nc2 39. Nd1 Kf6 40. e3
Ne1 1/2-1/2

[Event "Riga Tech Open A 2016"]
[Site "Riga LAT"]
[Date "2016.08.12"]
[Round "7.12"]
[White "Sarkar, Justin"]
[Black "Aleksandrov, Aleksej"]
[Result "1/2-1/2"]
[WhiteTitle "IM"]
[BlackTitle "GM"]
[WhiteElo "2434"]
[BlackElo "2563"]
[WhiteFideId "2010011"]
[BlackFideId "13500139"]
[EventDate "2016.08.08"]

1. d4 d5 2. c4 e6 3. Nc3 a6 4. cxd5 exd5 5. Bf4 c6 6. Qc2 Bd6 7. Bxd6 Qxd6 8. e3
Ne7 9. Bd3 Qf6 10. Na4 Nd7 11. Ne2 b6 12. O-O a5 13. f3 Qh6 14. e4 O-O 15. Qc1
Qg6 16. Qe3 Ba6 17. Bxa6 Rxa6 18. Rac1 Raa8 19. e5 Rac8 20. Rfe1 Nf5 21. Qd3
Rfe8 22. Ng3 Nxg3 23. Qxg6 hxg6 24. hxg3 Re6 25. f4 f6 26. exf6 Rxe1+ 27. Rxe1
gxf6 28. Re7 Rd8 29. Re6 Rc8 30. Re7 Rd8 31. Re6 Rc8 1/2-1/2

[Event "Riga Tech Open A 2016"]
[Site "Riga LAT"]
[Date "2016.08.12"]
[Round "7.13"]
[White "Mastrovasilis, Athanasios"]
[Black "Szotkowski, Jakub"]
[Result "1-0"]
[WhiteTitle "GM"]
[WhiteElo "2555"]
[BlackElo "2406"]
[WhiteFideId "4201990"]
[BlackFideId "330590"]
[EventDate "2016.08.08"]

1. c4 e5 2. g3 Nf6 3. Bg2 d5 4. cxd5 Nxd5 5. Nc3 Nb6 6. Nf3 Nc6 7. O-O Be7 8. d3
O-O 9. Be3 Be6 10. Na4 Bd5 11. Nc3 Be6 12. a3 Nd5 13. Nxd5 Bxd5 14. Qa4 Re8 15.
Rac1 a5 16. Rfd1 Qd6 17. Rc5 Bf6 18. Rb5 Ne7 19. Nd2 Bxg2 20. Kxg2 Qc6+ 21. Ne4
Nf5 22. Qc4 Nxe3+ 23. fxe3 Qxc4 24. dxc4 b6 25. Rd7 Bd8 26. g4 Kf8 27. Rbd5 c6
28. R5d6 Rc8 29. Rd3 Be7 30. Rb7 Rb8 31. Rdd7 Rxb7 32. Rxb7 Bd8 33. Nd6 Re7 34.
Rb8 Rd7 35. Nc8 Rd2 36. Na7 Rd6 37. Rc8 c5 38. Nc6 Ke8 39. Nxe5 Re6 40. Nc6 Kd7
41. Nxd8 Rxe3 42. Rb8 Kc7 43. Kf2 Re4 44. Kf3 Rd4 45. Rb7+ Kxd8 46. Rxf7 h5 47.
g5 Rxc4 48. Rxg7 Ke8 49. Rb7 Rg4 50. Rxb6 Rxg5 51. Rb5 a4 52. Ra5 Rf5+ 53. Ke3
Re5+ 54. Kf2 Rf5+ 55. Ke1 Rf4 56. Rxc5 Rh4 57. Ra5 Kd7 58. Kf1 Kc6 59. Kg2 Kb6
60. Re5 Rc4 61. Kf3 Rc2 62. Re4 Rxb2 63. Rxa4 Rb3+ 64. e3 Kc6 65. Ra6+ Kc5 66.
a4 Kc4 67. Rc6+ 1-0

[Event "Riga Tech Open A 2016"]
[Site "Riga LAT"]
[Date "2016.08.12"]
[Round "7.14"]
[White "Weber, Tom"]
[Black "Stocek, Jiri"]
[Result "0-1"]
[WhiteTitle "IM"]
[BlackTitle "GM"]
[WhiteElo "2413"]
[BlackElo "2550"]
[WhiteFideId "4000609"]
[BlackFideId "304760"]
[EventDate "2016.08.08"]

1. c4 e5 2. g3 Nf6 3. Bg2 h6 4. Nc3 Bb4 5. e4 Bxc3 6. dxc3 d6 7. Qe2 O-O 8. Nf3
Nbd7 9. O-O Nc5 10. Nh4 Re8 11. Nf5 a5 12. g4 Nh7 13. Be3 a4 14. Rad1 Ra5 15. f3
Nf8 16. Rfe1 Ng6 17. Qf2 Qf6 18. Qg3 Ne6 19. Bf1 Ngf4 20. h4 b6 21. Rd2 h5 22.
Bf2 Nc5 23. g5 Qg6 24. Ne3 f5 25. gxf6 Qxf6 26. Nd5 Qf7 27. Be3 Rf8 28. Be2 Kh8
29. Kh2 Nxe2 30. Rexe2 Qxf3 31. Qxf3 Rxf3 32. Nxc7 Nxe4 33. Bxb6 Nxd2 34. Rxd2
Ra6 35. Nxa6 Bxa6 36. Rxd6 Bxc4 37. Rd8+ Kh7 38. Re8 Rf4 39. b3 Rxh4+ 40. Kg3
Rg4+ 41. Kf2 axb3 42. axb3 Bxb3 43. Rxe5 Kg6 44. Bd4 h4 45. Re1 Kh5 46. Rg1 Rf4+
47. Ke3 g5 48. Be5 Rf5 49. Kd4 g4 50. Rb1 Bf7 51. Rg1 Be6 52. Re1 g3 53. Re3 Kg4
54. Bxg3 Rd5+ 55. Kc4 Re5+ 0-1

[Event "Riga Tech Open A 2016"]
[Site "Riga LAT"]
[Date "2016.08.12"]
[Round "7.15"]
[White "Sarana, Alexey"]
[Black "Kveinys, Aloyzas"]
[Result "1/2-1/2"]
[WhiteTitle "IM"]
[BlackTitle "GM"]
[WhiteElo "2433"]
[BlackElo "2509"]
[WhiteFideId "24133795"]
[BlackFideId "12800040"]
[EventDate "2016.08.08"]

1. d4 Nf6 2. Nf3 e6 3. Bf4 c5 4. e3 b6 5. Bd3 Bb7 6. h3 Be7 7. O-O O-O 8. Nbd2
cxd4 9. exd4 d6 10. c3 Nbd7 11. Re1 a6 12. Qe2 Re8 13. Ne4 Bxe4 14. Bxe4 Nxe4
15. Qxe4 b5 16. Qd3 Nb6 17. Nd2 d5 18. a3 Qc8 19. Nf3 Qc4 20. Qc2 Nd7 21. Ne5
Nxe5 22. Bxe5 a5 23. Re3 Rec8 24. Qd1 Ra6 25. a4 Qc6 26. Rg3 f6 27. Bf4 b4 28.
Bh6 g6 29. h4 bxc3 30. Rxc3 Qd7 31. Rxc8+ Qxc8 32. Rc1 Rc6 33. Rxc6 Qxc6 34. Bd2
Bd8 35. Bc3 Kf7 36. h5 Qc4 37. hxg6+ hxg6 38. Qc2 Bb6 39. b3 Qc7 40. Qd2 g5 1/2-1/2

[Event "Riga Tech Open A 2016"]
[Site "Riga LAT"]
[Date "2016.08.12"]
[Round "7.16"]
[White "Souleidis, Georgios"]
[Black "Miezis, Normunds"]
[Result "1/2-1/2"]
[WhiteTitle "IM"]
[BlackTitle "GM"]
[WhiteElo "2412"]
[BlackElo "2506"]
[WhiteFideId "4206827"]
[BlackFideId "11600136"]
[EventDate "2016.08.08"]

1. e4 c5 2. Be2 Nc6 3. f4 d5 4. d3 g6 5. Nf3 Bg7 6. O-O Nf6 7. e5 Ng4 8. c3 d4
9. Na3 O-O 10. Nc2 f6 11. cxd4 cxd4 12. b4 a6 13. exf6 exf6 14. a4 Re8 15. Bb2
Ne3 16. Nxe3 dxe3 17. b5 Ne7 18. Qb3+ Qd5 19. Qb4 a5 20. Qa3 Be6 21. Nd4 Bf7 22.
Rac1 Qd7 23. Nb3 Nd5 24. Nc5 Qe7 25. Qa1 Rac8 26. Ne4 Be6 27. g3 Red8 28. Rfd1
h6 29. Bd4 Kh7 30. Bb2 Bf5 31. Bf3 Be6 32. Be2 Bg8 33. Bd4 f5 34. Bxg7 Rxc1 35.
Rxc1 Qxg7 36. Qxg7+ Kxg7 37. Nc5 Rc8 38. Bf3 b6 39. Ne6+ Bxe6 40. Rxc8 Bxc8 41.
Bxd5 Kf6 42. Kf1 Be6 43. Bc4 Ke7 44. Ke2 Kd6 45. Kxe3 Bd5 46. Kd4 Bf3 47. Bb3 g5
48. fxg5 hxg5 49. h4 f4 50. hxg5 fxg3 51. Ke3 Bh5 52. d4 Ke7 53. Bc2 Ke6 54. Be4
Bd1 55. d5+ Ke7 56. g6 Bxa4 57. Kf4 Kf6 58. Kxg3 Bxb5 59. Kf4 a4 60. Bc2 a3 61.
Bb3 Ba4 62. Ba2 b5 63. Ke3 b4 64. Kd3 b3 65. Bxb3 Bxb3 66. Kc3 Bxd5 67. Kc2 Ba2
68. Kc3 Bc4 69. Kc2 Ba2 70. Kc3 Kxg6 71. Kb4 Kf6 72. Kxa3 1/2-1/2

[Event "Riga Tech Open A 2016"]
[Site "Riga LAT"]
[Date "2016.08.13"]
[Round "8.1"]
[White "Neiksans, Arturs"]
[Black "Melkumyan, Hrant"]
[Result "1/2-1/2"]
[WhiteTitle "GM"]
[BlackTitle "GM"]
[WhiteElo "2620"]
[BlackElo "2650"]
[WhiteFideId "11601388"]
[BlackFideId "13302485"]
[EventDate "2016.08.08"]

1. Nf3 Nf6 2. g3 c5 3. c4 Nc6 4. Bg2 d6 5. O-O g6 6. d4 cxd4 7. Nxd4 Bd7 8. Nc3
Bg7 9. Nc2 O-O 10. b3 Qa5 11. Bd2 Rfc8 12. Ne3 Rab8 13. Rc1 Qd8 14. Ned5 Nxd5
15. Nxd5 Be6 16. Bg5 h6 17. Be3 Qa5 18. Qd2 Qxd2 19. Bxd2 Kf8 20. Rfd1 b6 21.
Be3 h5 22. Kf1 Ke8 23. Bd2 1/2-1/2

[Event "Riga Tech Open A 2016"]
[Site "Riga LAT"]
[Date "2016.08.13"]
[Round "8.2"]
[White "Fridman, Daniel"]
[Black "Naroditsky, Daniel"]
[Result "1/2-1/2"]
[WhiteTitle "GM"]
[BlackTitle "GM"]
[WhiteElo "2620"]
[BlackElo "2646"]
[WhiteFideId "11600454"]
[BlackFideId "2026961"]
[EventDate "2016.08.08"]

1. Nf3 d5 2. d4 Nf6 3. c4 e6 4. Nc3 Bb4 5. Qb3 c5 6. dxc5 Na6 7. a3 Bxc3+ 8.
Qxc3 Nxc5 9. cxd5 Qxd5 10. Be3 Nce4 11. Qe5 Qxe5 12. Nxe5 Nd5 13. Bc1 Bd7 14.
Nxd7 Kxd7 15. f3 Nc5 16. e4 Nb3 17. Rb1 Nb6 18. Be3 Rhc8 19. Be2 Nc4 1/2-1/2

[Event "Riga Tech Open A 2016"]
[Site "Riga LAT"]
[Date "2016.08.13"]
[Round "8.3"]
[White "Kravtsiv, Martyn"]
[Black "Ladva, Ottomar"]
[Result "1-0"]
[WhiteTitle "GM"]
[BlackTitle "IM"]
[WhiteElo "2631"]
[BlackElo "2453"]
[WhiteFideId "14113147"]
[BlackFideId "4500024"]
[EventDate "2016.08.08"]

1. e4 c5 2. Nf3 e6 3. d4 cxd4 4. Nxd4 Nc6 5. Nc3 Qc7 6. Be2 Nf6 7. O-O Be7 8.
Be3 O-O 9. f4 d6 10. a4 Nxd4 11. Qxd4 b6 12. Nb5 Qb8 13. c4 Bb7 14. Bf3 Rd8 15.
Rad1 a6 16. Nc3 Nd7 17. f5 Bf6 18. Qxd6 Qxd6 19. Rxd6 Be5 20. Rd2 Nc5 21. Rxd8+
Rxd8 22. a5 Rd3 23. Bf2 Bxc3 24. bxc3 Nxe4 25. fxe6 fxe6 26. Re1 Nd6 27. axb6
Rxc3 28. c5 Bxf3 29. cxd6 Bc6 30. Rd1 Rb3 31. h3 1-0